000 00279nam a22001097a 4500
008 240308b |||||||| |||| 00| 0 eng d
100 _aTrakabhushan, Pramathanath
_99263
245 _aBangla vaisnav darshan
260 _bShri Guru Library,
_c1964.
300 _a326p.
942 _cBK
999 _c38989
_d38989